Vybrané problémy zmluvnej zodpovednosti v obchodnom práve
Kritika nového slovenského autorského zákona a jeho novely vo všeobecnejšom kontexte zneužívania práva. Navrhuje sa zrušiť slovenský "postmoderný" autorský zákon (1997/2000), preložiť nový český autorský zákon a po nutných legislatívnych prispôsobeniach, najmä pokiaľ ide o verejnú kontrolu finančnýc...
Guardado en:
| Autor principal: | |
|---|---|
| Formato: | Capítulo de libro |
| Lenguaje: | eslovaco |
| Materias: | |
| Etiquetas: |
Sin Etiquetas, Sea el primero en etiquetar este registro!
|
MARC
| LEADER | 00000naa a2200000 4500 | ||
|---|---|---|---|
| 001 | r041064 | ||
| 005 | 20230929080754.8 | ||
| 041 | 0 | |a slo | |
| 044 | |a SK | ||
| 245 | 1 | 0 | |a Vybrané problémy zmluvnej zodpovednosti v obchodnom práve |c Oľga Ovečková |
| 520 | |a Kritika nového slovenského autorského zákona a jeho novely vo všeobecnejšom kontexte zneužívania práva. Navrhuje sa zrušiť slovenský "postmoderný" autorský zákon (1997/2000), preložiť nový český autorský zákon a po nutných legislatívnych prispôsobeniach, najmä pokiaľ ide o verejnú kontrolu finančných tokov organizácií tzv. kolektívnej správy práv podľa autorského zákona, prijať ho aj ako nový "post-moderný" autorský zákon. | ||
| 610 | 2 | 0 | |a právo autorské |
| 610 | 2 | 0 | |a vlastníctvo duševné |
| 610 | 2 | 0 | |a legislatíva |
| 610 | 2 | 0 | |a novelizácia |
| 610 | 2 | 0 | |a Slovensko |
| 100 | 1 | |a Ovečková, Oľga | |